| 000 | 00405nam a22001697a 4500 | ||
|---|---|---|---|
| 005 | 20160628155101.0 | ||
| 008 | 160628b xxu||||| |||| 00| 0 eng d | ||
| 020 | _a81-229-0172-7 | ||
| 041 | _aeng | ||
| 082 | _b10949 | ||
| 100 |
_aBudden Baum, Judith M _92886 |
||
| 245 | _aReporting News About Religion | ||
| 260 | _bsurjeet Publications | ||
| 300 | _a213 | ||
| 650 |
_aManagement _9241 |
||
| 942 | _cBK | ||
| 999 |
_c4544 _d4543 |
||